Voyage au pays de la reine de Saba : suivi de, En Egypte /

محفوظ في:

المؤلف الرئيسي: Arnaud, Thomas-Joseph, 1812- (مؤلف)

مؤلفون آخرون: Schopp, Claude., Vayssière, Alexandre, 1817-1860.

التنسيق: كتاب

اللغة: French

منشور في: Paris : Pygmalion, c2011.

الموضوعات:

الوسوم: إضافة وسم

لا توجد وسوم, كن أول من يضع وسما على هذه التسجيلة!

رقم الطلب: DS247 .Y42 A76 2011

LEADER 01263namaa2200325 4500
001 21659
003 OSt
005 20211215134402.0
008 130303s2011 fr g b 000 0 fre d
952 |0 0  |1 0  |2 lcc  |4 0  |6 DS0247 Y42 A76 02011  |7 1  |9 23835  |a ARCE  |b ARCE  |d 2021-12-15  |l 0  |o DS247 .Y42 A76 2011  |p 1016773  |r 2021-12-15 00:00:00  |w 2021-12-15  |y BK 
999 |c 21885  |d 21885 
010 |a 2011519036 
020 |a 9782756404738 
040 |c ARCE Library 
043 |a a-ye---  |a f-ua--- 
050 4 |a DS247 .Y42 A76 2011 
100 1 |a Arnaud, Thomas-Joseph,  |d 1812-  |e author 
245 1 0 |a Voyage au pays de la reine de Saba :   |b suivi de, En Egypte /   |c Thomas-Joseph Arnaud, Alexandre Vayssière ; présenté par Claude Schopp. 
264 1 |a Paris :   |b Pygmalion,   |c c2011. 
300 |a 265 pages ;   |c 24 cm. 
504 |a Includes bibliographical references. 
600 1 0 |a Arnaud, Thomas-Joseph,  |d 1812-  |x Travel. 
600 1 0 |a Vayssière, Alexandre,  |d 1817-1860.  |9 41589 
651 0 |a Egypt  |x Description and travel. 
651 0 |a Yemen (Republic)  |x Description and travel. 
651 0 |a Yemen (Republic)  |x Social life and customs  |y 19th century. 
700 1 |a Schopp, Claude.  |9 39489 
700 1 |a Vayssière, Alexandre,  |d 1817-1860.  |9 41589 
901 |a reviewed 
942 |c BK  |2 lcc